书目信息 |
| 题名: |
固体废物堆肥化与有机复混肥生产
|
|
| 作者: | 李国家 , 张福锁 编著 | |
| 分册: | ||
| 出版信息: | 北京 化学工业出版社 2000.01 |
|
| 页数: | 372页 | |
| 开本: | 32开 | |
| 丛书名: | ||
| 单 册: | ||
| 中图分类: | TQ444 | |
| 科图分类: | ||
| 主题词: | 复合肥料:混合肥料 | |
| 电子资源: | ||
| ISBN: | 7-5025-2730-3 | |
| 000 | 00649nam0 2200205 45 | |
| 001 | 0010081633 | |
| 005 | 20001120102000.7 | |
| 010 | @a7-5025-2730-3@d25.00元 | |
| 100 | @a20001008d2000 km y0chiy0120 ea | |
| 101 | 0 | @achi |
| 105 | @a z 000yy | |
| 200 | 1 | @a固体废物堆肥化与有机复混肥生产@AGu Ti Fei Wu Dui Fei Hua Yu You Ji Fu Hun Fei Sheng Chan@f李国家,张福锁编著@FLi Guo Jia,Zhang Fu Suo Bian Zhu |
| 210 | @a北京@c化学工业出版社@d2000.01 | |
| 215 | @a372页@d32开 | |
| 606 | 0 | @a复合肥料:混合肥料 |
| 690 | @aTQ444@v3 | |
| 701 | 0 | @a李国家@4编著 |
| 701 | 0 | @a张福锁@4编著 |
| 801 | @aCN@bPftUser@c20001008 | |
| 905 | @dTQ444@eL887@b413784@f1 | |
| 固体废物堆肥化与有机复混肥生产/李国家,张福锁编著.-北京:化学工业出版社,2000.01 |
| 372页;32开 |
| ISBN 7-5025-2730-3:25.00元 |
| ● |
| 相关链接 |
|
|
|
正题名:固体废物堆肥化与有机复混肥生产
索取号:TQ444/L887
 
预约/预借
| 序号 | 登录号 | 条形码 | 馆藏地/架位号 | 状态 | 备注 |
| 1 | 413784 | 204137843 | 自科二线504/110考试书库 4排2列5层/ [索取号:TQ444/L887] | 在馆 |